=LDR 00000nam 2200000 4500 =001 000574 =005 20250711010136 =035 ##$$a 0010-0725000442 =007 ta =008 250711################a##########0#ind## =020 ##$$a 978-623-118-815-1 =082 ##$$a 398.209 598 =084 ##$$a 398.209 598 PRA b =100 #$$a Wulandari Pratiwi =245 1#$$a Baju Untuk Kak Abu /$c Wulandari Pratiwi =250 ##$$a Cetakan Pertama =260 ##$$a Rawamangun :$b Badan Pengembangan dan Pembinaan Bahasa,$c 2022 =300 ##$$a 28 hlm. : $b Ilus. ; $c 29,7 cm. =650 #4$$a Cerita Anak - Indonesia =650 #4$$a Cerita Bergambar =856 ##$$a TBM AS SUHADA =990 ##$$a TBM03350335